000 00752nam a22002057a 4500
003 0
005 20250912154001.0
008 250912b xxu||||| |||| 00| 0 eng d
020 _a978-1-77956-470-2
050 _aQA 276.45.R3
_b.N33 2025
100 _aNady, Mohsen,
_eauthor.
245 _aStatistics with R for machine learning volume 1 :
_bdata preparation and splitting with R for machine learning /
_cMohsen Nady.
260 _aCanada :
_bArcler Press,
_c2025.
300 _axiv, 279 pages :
_billustrations ;
_c24 cm.
504 _aIncludes bibliographical references and index.
650 _aR (Computer program language).
650 _aMachine learning
_xStatistical methods.
650 _aData mining
_xStatistical methods.
942 _2lcc
_cBK
999 _c367929
_d367929